Tentacles of God. Ed 1. (Record no. 105602)
[ view plain ]
| 000 -LEADER | |
|---|---|
| fixed length control field | 00422nam a2200157Ia 4500 |
| 008 - FIXED-LENGTH DATA ELEMENTS--GENERAL INFORMATION | |
| fixed length control field | 210210b2001 xxu||||| |||| 00| 0 eng d |
| 020 ## - INTERNATIONAL STANDARD BOOK NUMBER | |
| International Standard Book Number | 81 88325 00 7 |
| 082 ## - DEWEY DECIMAL CLASSIFICATION NUMBER | |
| Classification number | 820.33 ARCT |
| 100 ## - MAIN ENTRY--PERSONAL NAME | |
| Personal name | ARCHIE. Psued Achary, N Bhaskara. |
| 245 ## - TITLE STATEMENT | |
| Title | Tentacles of God. Ed 1. |
| 250 ## - EDITION STATEMENT | |
| Edition statement | |
| 260 ## - PUBLICATION, DISTRIBUTION, ETC. | |
| Place of publication, distribution, etc. | Koteshwara. |
| Name of publisher, distributor, etc. | N R A M H Prakashana., |
| Date of publication, distribution, etc. | 2001 |
| 300 ## - PHYSICAL DESCRIPTION | |
| Extent | xi,342,xxiv |
| 690 ## - LOCAL SUBJECT ADDED ENTRY--TOPICAL TERM (OCLC, RLIN) | |
| Topical term or geographic name as entry element | Indian English Fiction |
| 906 ## - LOCAL DATA ELEMENT F, LDF (RLIN) | |
| a | 058496 |
| Withdrawn status | Lost status | Damaged status | Not for loan | Collection code | Home library | Current library | Shelving location | Date acquired | Source of acquisition | Cost, normal purchase price | Total Checkouts | Full call number | Barcode | Date last seen | Price effective from | Koha item type |
|---|---|---|---|---|---|---|---|---|---|---|---|---|---|---|---|---|
| St Aloysius Library | St Aloysius Library | 02/17/2021 | Abhiyana Pratishtana, Udupi | 240.00 | 820.33 ARCT | 058496 | 02/17/2021 | 02/17/2021 | Book |